| 000 | 00570nam a2200205 a 4500 | ||
|---|---|---|---|
| 001 | 16087 | ||
| 003 | CO-ViMGA | ||
| 008 | 141112s2004 ck r 000 u spa d | ||
| 020 | _a8476728808 | ||
| 040 |
_aCO-ViMGA _bspa _cCO-ViMGA |
||
| 082 | 0 | 4 | _a808.87 S155c |
| 100 | 1 |
_aSalmer, J.L. _923015 |
|
| 245 | 1 | 0 | _aChistes Escogidos |
| 260 |
_aBarcelona (España), _cEdicomunicacion s.a.2000 |
||
| 300 | _a158.p. | ||
| 590 | _aForma de adquisición : Premio - Mincultura | ||
| 650 | 1 | 4 |
_aANECDOTAS - CHISTES - SATIRAS _923016 |
| 650 | 1 | 4 |
_aHUMORISMO _923017 |
| 942 |
_2ddc _cBK |
||
| 999 |
_c26016 _d26016 |
||